[Event "Olympiad"]
[Site "masterchessopen.com Amsterdam (Netherlands)"]
[Round "4"]
[White "Keres Paul (EST)"]
[Black "Gereben Erno (SUI)"]
[Result "1-0"]
[WhiteElo "2580"]
[BlackElo "2320"]

1.d4 Nf6 2.c4 g6 3.Nc3 Bg7 4.e4 d6 5.f4 c5 6.dxc5 Qa5 7.Bd3 Qxc5 8.Nf3 Nc6
9.Qe2 O-O 10.Be3 Qa5 11.O-O Ng4 ( 11...Bg4 12.Rac1 Nd7 13.Qf2 Bxf3 14.gxf3 Nc5
15.Bb1 Na4 { = } ) 12.Bd2 Nb4 13.Nd5 Qc5+ 14.Kh1 Nxd5 ( 14...Nxd3 15.Qxd3 Nf2+
16.Rxf2 Qxf2 17.Rf1 Qc5 18.b4 { +?? } ) 15.cxd5 Bd7 ( 15...Bxb2 16.Rab1 Bg7
17.h3 Nf6 18.Rfc1 { ± } ) 16.Rac1 { ! } 16...Qb6 17.e5 { ! } 17...Rac8 18.e6
fxe6 19.dxe6 Rxc1 20.Bxc1 Bc6 21.Nh4 { ! } 21...Nh6 ( 21...Nf6 22.f5 { ? } )
22.f5 Qd4 ( 22...Nxf5 23.Bxf5 gxf5 24.Nxf5 Qb5 25.Qxb5 Bxb5 26.Nxe7+ Kh8
27.Rxf8+ Bxf8 28.Nf5 { +?? } ) 23.Rf4 Qc5 24.Be3 g5 25.Bxc5 dxc5 26.f6 { ! }
26...gxf4 27.fxg7 Rf6 28.Qh5 Kxg7 29.Qg5+ Kf8 30.Ng6+ hxg6 31.Qxh6+ Kg8
32.Bxg6 {#r} 1-0

[Event "Match \"]
[Site "masterchessopen.com New York (USA)"]
[Round "2"]
[White "Bisguier Arthur B (USA)"]
[Black "Petrosian Tigran V (ARM)"]
[Result "1/2-1/2"]
[WhiteElo "2237"]
[BlackElo "2580"]

1.d4 Nf6 2.c4 g6 3.Nc3 Bg7 4.e4 d6 5.f4 O-O 6.Nf3 c5 7.dxc5 Qa5 8.Bd3 Qxc5
9.Qe2 Nc6 10.Be3 Qa5 11.O-O Bg4 12.Rac1 Nd7 13.Qf2 Bxf3 14.gxf3 a6 15.Kh1 e6
16.Bb1 Qc7 17.Rfd1 Nf6 18.Nd5 exd5 19.cxd5 Nh5 20.Bb6 Qe7 21.dxc6 bxc6 22.Rxc6
Nxf4 23.Rcxd6 Be5 24.R6d2 Rfb8 25.Bc5 Qf6 26.b3 Rc8 27.Be3 Rc3 28.Bd3 Nh3
29.Qf1 Nf4 30.Bg1 Ne6 31.Be2 a5 32.Rd3 {#d} 1/2-1/2

[Event "Ch World (juniors) (under 20)"]
[Site "masterchessopen.com Antwerpen (Belgium)"]
[Round "1"]
[White "Keller Dieter (SUI)"]
[Black "Tringov Georgi P (BUL)"]
[Result "0-1"]
[WhiteElo "2359"]
[BlackElo "2379"]

1.d4 Nf6 2.c4 g6 3.Nc3 Bg7 4.e4 d6 5.f4 O-O 6.Nf3 c5 7.dxc5 Qa5 8.Bd3 Qxc5
9.Qe2 Nc6 10.Be3 Qa5 11.O-O Ng4 12.Bd2 Qd8 13.Rab1 Nb4 14.a3 Nxd3 15.Qxd3 a6
16.Nd5 Be6 17.h3 Nf6 18.Bc3 Bxd5 19.cxd5 Rc8 20.Kh2 Qd7 21.Nd4 Qa4 22.Bb4 Qd7
23.g4 Qc7 24.Rbc1 Qb6 25.Bc3 Nd7 26.b4 Rxc3 27.Rxc3 Bxd4 28.Rc4 Bg7 29.Kg3 g5
30.Rc2 gxf4+ 31.Kxf4 Ne5 32.Qe2 e6 33.Kg3 exd5 34.exd5 a5 35.Qe4 axb4 36.axb4
Ng6 37.h4 h6 38.h5 Ne5 39.Rf5 Ra8 40.g5 Qg1+ 41.Kh4 Ra3 42.Qg2 Qd4+ {#R} 0-1

[Event "It \"]
[Site "masterchessopen.com Beverwijk (Netherlands)"]
[Round "7"]
[White "Henneberke Franciscus"]
[Black "Donner Jan-Hein (NED)"]
[Result "0-1"]
[WhiteElo "2200"]
[BlackElo "2430"]

1.d4 Nf6 2.c4 g6 3.Nc3 Bg7 4.e4 d6 5.f4 O-O 6.Nf3 c5 7.dxc5 Qa5 8.Bd3 Qxc5
9.Qe2 Nc6 10.Be3 Qa5 11.O-O Bg4 12.Qd2 Bxf3 13.gxf3 Nd7 14.Rac1 Bd4 15.Rf2
Bxe3 16.Qxe3 Qc5 17.Qxc5 Nxc5 18.Rd2 f5 19.Ne2 fxe4 20.Bxe4 Kg7 21.Re1 Nxe4
22.fxe4 Rf6 23.Red1 Raf8 24.Rd3 h6 25.h4 Kh7 26.Kg2 Kg7 27.Kh3 b6 28.Kg4 g5
29.hxg5 hxg5 30.Ng3 Rxf4+ 31.Kxg5 Kg8 32.Nf5 Rxe4 33.Rg3 Re5 34.Rd5 Re1
35.Nh6+ Kg7 36.Nf5+ Kh7 37.Rh3+ Kg8 38.Nh6+ Kg7 39.Kh5 Ne5 40.Rd2 Rg1 41.Rhh2
Rg6 42.Rdg2 Rh8 43.Rxg6+ Nxg6 44.Kg5 e6 45.Ng4 Rxh2 46.Nxh2 Ne5 47.b3 Kf7
48.Nf1 Nd3 49.Nd2 Ke7 50.Kg4 Nb4 51.a3 Nc2 52.a4 d5 53.cxd5 exd5 54.Kf3 Kd6
55.Ke2 Nb4 56.Nf3 Kc5 57.Kd2 Nc6 58.Kc3 d4+ 59.Kb2 Kb4 60.Ne1 Ne5 61.Nc2+ Kc5
62.Ne1 Kd5 63.Kc2 Ke4 64.Kd2 d3 65.Kc3 Ke3 66.Ng2+ Kf3 67.Ne1+ Ke2 68.Nxd3
Nxd3 69.Kc4 a6 70.Kd5 Nb4+ 71.Kc4 a5 72.Kb5 Nd5 73.Kc4 Kd2 {#R} 0-1

[Event "Olympiad"]
[Site "masterchessopen.com Habana (Cuba)"]
[Round "0"]
[White "Johannessen Svein (NOR)"]
[Black "Durao Joaquim (POR)"]
[Result "1-0"]
[WhiteElo "2273"]
[BlackElo "1914"]

1.d4 Nf6 2.c4 g6 3.Nc3 Bg7 4.e4 d6 5.f4 c5 6.dxc5 Qa5 7.Bd3 Qxc5 8.Nf3 O-O
9.Qe2 Nc6 10.Be3 Qa5 11.O-O Ng4 12.Bd2 f5 13.h3 Nh6 14.Rab1 fxe4 15.Bxe4 Nf5
16.Kh2 Nfd4 17.Nxd4 Nxd4 18.Qd3 Bf5 19.Rbe1 Bxe4 20.Nxe4 Qxa2 21.Bc3 d5 22.Nd2
e5 23.Ra1 e4 24.Qg3 Qxa1 25.Rxa1 Ne2 26.Qe3 Nxc3 27.bxc3 dxc4 28.Qxe4 Kh8
29.Nxc4 b5 30.Ne5 Rae8 31.Rxa7 Rxf4 32.Nxg6+ Kg8 {#r} 1-0

[Event "Olympiad"]
[Site "masterchessopen.com Siegen (Germany)"]
[Round "14"]
[White "Malich Burkhard Dr (GER)"]
[Black "Tringov Georgi P (BUL)"]
[Result "0-1"]
[WhiteElo "2347"]
[BlackElo "2379"]

1.d4 Nf6 2.c4 g6 3.Nc3 Bg7 4.e4 d6 5.f4 O-O 6.Nf3 c5 7.dxc5 Qa5 8.Bd3 Qxc5
9.Qe2 Nc6 10.Be3 Qa5 11.O-O Bg4 12.h3 Bxf3 13.Rxf3 Nd7 14.Qd2 Nc5 15.Rc1 Bxc3
16.Qxc3 Nxd3 17.Qxd3 Qxa2 18.Rf2 Qa5 19.Bd2 Qb6 20.Be3 Qc7 21.g4 a5 22.h4 Rac8
23.h5 Qd7 24.Rg2 g5 25.e5 Rfd8 26.exd6 Qxd6 27.Qxd6 Rxd6 28.fxg5 Re6 29.Rc3
Re4 30.c5 Ne5 31.Bd2 Nc4 32.Bc1 a4 33.Kh2 Rxc5 34.Rd2 h6 35.Rd8+ Kh7 36.Kg3
hxg5 37.Kf3 Ree5 38.b3 axb3 39.Rxb3 Na5 40.Re3 Nc6 41.Rd1 Rc4 42.Red3 Ree4
{#R} 0-1

[Event "Zt"]
[Site "masterchessopen.com Sao Paulo (Brazil)"]
[Round "19"]
[White "Rodriguez Orestes (ESP)"]
[Black "Gamarra Caceres Carlos (PAR)"]
[Result "1-0"]
[WhiteElo "2425"]
[BlackElo "2233"]

1.d4 Nf6 2.c4 g6 3.Nc3 Bg7 4.e4 d6 5.f4 O-O 6.Nf3 c5 7.dxc5 Qa5 8.Bd3 Qxc5
9.Qe2 Nc6 10.Be3 Qa5 11.O-O Ng4 12.Bd2 Qh5 13.h3 Nf6 14.Qf2 e5 15.fxe5 dxe5
16.Be2 Rd8 17.Nd4 Bg4 18.hxg4 Nxg4 19.Bxg4 Qxg4 20.Qxf7+ Kh8 21.Ne6 Bf8 22.Bg5
Bc5+ 23.Rf2 Bxf2+ 24.Kf1 {#r} 1-0

[Event "It \"]
[Site "masterchessopen.com USA"]
[Round "8"]
[White "Poschel Paul (USA)"]
[Black "Busquets Luis (USA)"]
[Result "1/2-1/2"]
[WhiteElo "2260"]
[BlackElo "2193"]

1.c4 Nf6 2.Nc3 g6 3.e4 d6 4.d4 Bg7 5.f4 O-O 6.Nf3 c5 7.dxc5 Qa5 8.Bd3 Qxc5
9.Qe2 Nc6 10.Be3 Qa5 11.O-O Bg4 12.Rac1 Rfc8 13.a3 Rab8 14.Rfd1 a6 15.h3 Bxf3
16.gxf3 Kf8 17.Kh2 Ke8 18.Rg1 Bh6 19.Nd5 Nd7 20.b4 Qd8 21.f5 Bxe3 22.Qxe3 e6
23.fxe6 fxe6 24.Nf4 Qf6 25.Ne2 Ke7 26.f4 Rf8 27.Rcd1 Rbd8 28.Bb1 b6 29.Bc2 e5
30.Rgf1 Qh4 31.Ba4 exf4 32.Nxf4 Nce5 33.Nd5+ Ke6 34.Nc7+ Ke7 35.Nd5+ Ke6 {#d}
1/2-1/2

[Event "Europe Tournament (corr.)"]
[Site "masterchessopen.com corr."]
[Round "0"]
[White "Brauer Christian (GER)"]
[Black "Pipitone Antonio (ITA)"]
[Result "0-1"]
[WhiteElo "2115"]
[BlackElo "1971"]

1.c4 Nf6 2.d4 g6 3.Nc3 Bg7 4.e4 d6 5.f4 O-O 6.Nf3 c5 7.dxc5 Qa5 8.Bd3 Qxc5
9.Qe2 Nc6 10.Be3 Qa5 11.O-O Bg4 12.Rac1 Nd7 13.Qf2 Bxf3 14.gxf3 a6 15.a3 Nc5
16.Be2 Nb3 17.Rc2 Nbd4 {#R} 0-1

[Event "It"]
[Site "masterchessopen.com Helsinki (Finland)"]
[Round "0"]
[White "Rantanen Yrjo A (FIN)"]
[Black "Westerinen Heikki M J (FIN)"]
[Result "1/2-1/2"]
[WhiteElo "2410"]
[BlackElo "2410"]

1.d4 Nf6 2.c4 g6 3.Nc3 Bg7 4.e4 d6 5.f4 O-O 6.Nf3 c5 7.dxc5 Qa5 8.Bd3 Qxc5
9.Qe2 Nc6 10.Be3 Qa5 11.O-O Ng4 12.Bd2 Nd4 13.Nxd4 Bxd4+ 14.Kh1 Qh5 15.h3 Nf6
16.Qxh5 Nxh5 17.Rf3 Bd7 18.Rd1 Bc6 19.b4 Rac8 20.Ne2 Bg7 21.b5 Bd7 22.g4 Nf6
23.Be3 Be6 24.Rc1 {#d} 1/2-1/2

[Event "Oberliga NRW 1986/87"]
[Site "masterchessopen.com Germany"]
[Round "0"]
[White "Hund Gerhard (GER)"]
[Black "Westerinen Heikki M J (FIN)"]
[Result "0-1"]
[WhiteElo "2137"]
[BlackElo "2340"]

1.d4 Nf6 2.c4 g6 3.Nc3 Bg7 4.e4 d6 5.f4 O-O 6.Nf3 c5 7.dxc5 Qa5 8.Bd3 Qxc5
9.Qe2 Nc6 10.Be3 Qa5 11.O-O Ng4 12.Bd2 Nd4 13.Nxd4 Bxd4+ 14.Kh1 Qh5 15.h3 Nf6
16.Qxh5 Nxh5 17.Rf3 Bd7 18.g4 Nf6 19.Rb1 Bc6 20.Nd5 Rae8 21.Be3 Bxe3 22.Rxe3
b6 23.Kh2 Nd7 24.e5 Bxd5 25.cxd5 Rc8 26.exd6 exd6 27.Re7 Nf6 28.Rxa7 Rfe8
29.b3 Rc5 30.Rb7 Rxd5 31.Bf1 Rd2+ 32.Kg1 Rxa2 33.Rxb6 Nd5 34.Rxd6 Nxf4 35.b4
Re3 36.b5 Nxh3+ 37.Bxh3 Rg3+ 38.Kh1 Rxh3+ 39.Kg1 Rhh2 40.Rdd1 Rag2+ 41.Kf1
Rxg4 42.Rd8+ Kg7 43.Rb3 Rgg2 44.b6 Rb2 45.Rxb2 Rxb2 46.Rb8 h5 47.b7 h4 48.Kg1
g5 49.Kh1 g4 50.Kg1 h3 51.Kh1 g3 {#R} 0-1

[Event "It (open)"]
[Site "masterchessopen.com Nuernberg (Germany)"]
[Round "7"]
[White "Koenig Falk (GER)"]
[Black "Seibold Hubert Dr (GER)"]
[Result "0-1"]
[WhiteElo "2147"]
[BlackElo "2214"]

1.d4 Nf6 2.c4 g6 3.Nc3 Bg7 4.e4 d6 5.f4 c5 6.dxc5 Qa5 7.Bd3 Qxc5 8.Qe2 O-O
9.Nf3 Nc6 10.Be3 Qa5 11.O-O Bg4 12.Rac1 e5 13.Qd2 Bxf3 14.gxf3 Nh5 15.f5 Nf4
16.Bxf4 exf4 17.Qxf4 Be5 18.Qd2 Kh8 19.Kh1 Rg8 20.fxg6 Rxg6 21.f4 Bg7 22.Rcd1
Rg8 23.Nd5 Qxd2 24.Rxd2 Bd4 25.h3 Rg3 26.Kh2 Bg1+ 27.Rxg1 Rxg1 28.Ne3 Nd4
29.Be2 Re1 30.Bh5 Rxe3 31.Rxd4 Rgg3 32.Bxf7 Rxh3+ 33.Kg2 Rhg3+ 34.Kh2 Rd3
35.Rxd6 Rxd6 36.Kxg3 Rd2 37.f5 Kg7 38.Bd5 Kf6 39.b4 Rxa2 40.Bxb7 Kg5 41.Bc8
Ra3+ 42.Kg2 Ra4 43.e5 Rxb4 44.Be6 {#R} 0-1

[Event "Ch Great Britain"]
[Site "masterchessopen.com Swansea (Wales)"]
[Round "0"]
[White "Conquest Stuart (ENG)"]
[Black "Lane Gary W (AUS)"]
[Result "1-0"]
[WhiteElo "2515"]
[BlackElo "2285"]

1.d4 Nf6 2.c4 g6 3.Nc3 Bg7 4.e4 O-O 5.f4 d6 6.Nf3 c5 7.dxc5 Qa5 8.Bd3 Qxc5
9.Qe2 Nc6 10.Be3 Qa5 11.O-O Bg4 12.Rac1 Nd7 13.Qf2 Nc5 14.Bb1 Bxf3 15.Qxf3 a6
16.Rfd1 Ne6 17.Qf2 Qh5 18.Nd5 f5 19.exf5 gxf5 20.b4 b5 21.a3 Rf7 22.Ba2 Ncd8
23.c5 Rc8 24.Bb3 Qh6 25.cxd6 Rxc1 26.dxe7 Rxd1+ 27.Bxd1 {#r} 1-0

[Event "Bundesliga 1987/88"]
[Site "masterchessopen.com Germany"]
[Round "0"]
[White "Bulthaupt Freerk Dr (GER)"]
[Black "Vatter Hans-Joachim (GER)"]
[Result "0-1"]
[WhiteElo "2176"]
[BlackElo "2322"]

1.d4 Nf6 2.c4 g6 3.Nc3 Bg7 4.e4 O-O 5.f4 d6 6.Nf3 c5 7.dxc5 Qa5 8.Bd3 Qxc5
9.Qe2 Nc6 10.Be3 Qa5 11.Rc1 e5 12.O-O exf4 13.Bxf4 Ne5 14.Nxe5 dxe5 15.Bg5 Nh5
16.Nd5 Nf4 17.Qc2 Be6 18.Be7 Rfc8 19.Bb4 Qd8 20.Bc3 Bxd5 21.cxd5 b5 22.Qb1 b4
23.Bd2 Qg5 24.g3 Nh3+ 25.Kg2 Qxd2+ 26.Kxh3 h5 27.Rc2 Qg5 28.Rcf2 f6 29.Qd1 a5
30.d6 Rd8 31.Bc4+ Kh7 32.Be6 Ra6 33.Rd2 Qe3 34.Bc4 Rc6 35.Bb5 Rb6 36.Ba4 Qxe4
37.d7 f5 38.Rd6 Rxd6 39.Qxd6 h4 40.Qe7 Qg4+ 41.Kg2 h3+ 42.Kg1 Qd4+ 43.Rf2 Rf8
44.Qh4+ Qxh4 45.gxh4 e4 46.Rd2 Bf6 47.Bc6 Bxh4 48.Rd5 Bd8 49.Kf1 Kg7 50.Re5
Rf6 51.Bb5 Rd6 52.a4 Rd2 53.Re8 Bh4 54.b3 Rxh2 55.d8=Q Rh1+ 56.Ke2 Bxd8
57.Rxd8 h2 58.Rd7+ Kh6 59.Rd8 Ra1 60.Kf2 h1=Q {#R} 0-1

[Event "It"]
[Site "masterchessopen.com Alma-Ata (Kazakhstan)"]
[Round "0"]
[White "Conquest Stuart (ENG)"]
[Black "Seredenko Vladimir (KAZ)"]
[Result "1/2-1/2"]
[WhiteElo "2515"]
[BlackElo "2343"]

1.d4 Nf6 2.c4 g6 3.Nc3 Bg7 4.e4 d6 5.f4 O-O 6.Nf3 c5 7.dxc5 Qa5 8.Bd3 Qxc5
9.Qe2 Nc6 10.Be3 Qa5 11.O-O Nb4 12.Bb1 Ng4 13.Bd2 Be6 14.Kh1 Qa6 15.b3 Rac8
16.h3 Nf6 17.f5 Nh5 18.Qf2 Bxc4 19.bxc4 Rxc4 20.e5 dxe5 21.a3 e4 22.Bxe4 Qd6
23.Rfd1 Nd3 24.Bxd3 Qxd3 25.g4 Bxc3 26.Bxc3 Qxc3 27.gxh5 Rf4 28.Kg2 Rxf5 29.h6
e5 30.Qe2 Qc6 31.Rac1 Qe6 32.Qc4 e4 33.Ng1 Qe7 34.Qd4 Qg5+ 35.Kh1 Qxh6 36.Qxe4
b5 37.Rc7 a5 38.Rdc1 Qd2 39.Rc8 Qd6 40.Rxf8+ Kxf8 41.Rc6 Qd7 42.Rc3 Rd5 43.Rc2
Kg7 44.Qf4 g5 45.Qe3 b4 46.axb4 axb4 47.Rb2 Rb5 48.Ne2 f6 49.Kh2 Re5 50.Qf3
Rf5 51.Qe4 Qd6+ 52.Ng3 Re5 53.Kg2 Rxe4 54.Nf5+ Kg6 55.Nxd6 Rf4 56.Nb7 Rd4
57.Na5 {#d} 1/2-1/2

[Event "It (open) \"]
[Site "masterchessopen.com Bratislava (Slovakia)"]
[Round "10"]
[White "Usachyi Vladimir (UKR)"]
[Black "Hujo Jozef (SVK)"]
[Result "1-0"]
[WhiteElo "2162"]
[BlackElo "2057"]

1.d4 Nf6 2.c4 g6 3.Nc3 Bg7 4.e4 d6 5.f4 c5 6.dxc5 Qa5 7.Bd3 Qxc5 8.Qe2 Nc6
9.Nf3 O-O 10.Be3 Qa5 11.Rc1 Bd7 12.h3 Rac8 13.O-O Nb4 14.Bb1 Be6 15.Nd2 Qa6
16.a3 Nc6 17.Bd3 b6 18.c5 Qa5 19.f5 gxf5 20.exf5 Bd5 21.Nxd5 Nxd5 22.f6 Nxf6
23.Nc4 Qa4 24.Rf4 bxc5 25.Nxd6 Qxf4 26.Bxf4 exd6 27.Bxd6 Rfe8 28.Qf1 Ne4
29.Bxe4 Bd4+ 30.Kh2 Rxe4 31.Qf5 Rce8 32.Rf1 f6 33.Qd5+ R4e6 34.Bxc5 Bxb2
35.Kh1 Kg7 36.Qb3 Be5 37.Qf3 Bb8 38.Qg4+ Kf7 39.Qh5+ Kg7 40.Qf3 Ne5 41.Qb7+
Kh8 42.g4 Rc6 43.Bd4 Rc7 44.Qb5 Nd7 45.Rxf6 {#r} 1-0

[Event "It (open)"]
[Site "masterchessopen.com Meudon (France)"]
[Round "7"]
[White "Usachyi Vladimir (UKR)"]
[Black "Le Bideau Alain (FRA)"]
[Result "1-0"]
[WhiteElo "2162"]
[BlackElo "2226"]

1.d4 Nf6 2.c4 g6 3.Nc3 Bg7 4.e4 d6 5.f4 O-O 6.Nf3 c5 7.dxc5 Qa5 8.Bd3 Qxc5
9.Qe2 Nc6 10.Be3 Qa5 11.O-O Bg4 12.Rac1 Nd7 13.Qf2 Nc5 14.Bb1 Bxf3 15.gxf3 Ne6
16.Nd5 Rfe8 17.f5 Nc5 18.Rfd1 e6 19.f6 exd5 20.cxd5 Bf8 21.dxc6 bxc6 22.a3 Nd7
23.Rxc6 Qh5 24.Rd5 Re5 25.Ba2 Rae8 26.Rc7 Rxd5 27.Bxd5 Ne5 28.Kg2 Rb8 29.b3
Rb5 30.Rxa7 Rb8 31.a4 Rc8 32.Kf1 Kh8 33.Ra8 Rxa8 34.Bxa8 Nxf3 35.Bf4 Ne5
36.Bxe5 Qxe5 37.Bd5 Bh6 38.Qf3 Bg5 39.h3 Bxf6 40.Kg2 Bh4 41.Bxf7 Qb2+ 42.Kg1
Qb1+ 43.Kh2 Qb2+ 44.Qg2 Qe5+ 45.Kh1 Qa1+ 46.Qg1 Qc3 47.Qf1 Kg7 48.Bc4 Bf6
49.Kg2 Qd2+ 50.Qf2 Qg5+ 51.Kh1 Qc1+ 52.Kg2 Qg5+ 53.Kf1 Qc1+ 54.Ke2 Qh1 55.Qa7+
Kh6 56.Qe3+ Kg7 57.a5 Qg2+ 58.Kd1 Qh1+ 59.Kc2 Qg2+ 60.Be2 Bg5 61.Qd3 Qg1 62.b4
Qc1+ 63.Kb3 Bf6 64.Ka4 Be5 65.Bd1 Qc7 66.Bb3 Qc8 67.b5 Qc1 68.Qd1 Qc5 69.Qd5
Qc1 70.b6 Qa1+ 71.Kb5 Bc3 72.Ka6 Qf1+ 73.Bc4 Qf8 74.Qg8+ {#r} 1-0

[Event "Ch Germany (juniors) (under 20)"]
[Site "masterchessopen.com Muenster (Germany)"]
[Round "5"]
[White "Meyer Ingo (GER)"]
[Black "Richter Olav (GER)"]
[Result "0-1"]
[WhiteElo "2211"]
[BlackElo "2195"]

1.d4 Nf6 2.c4 g6 3.Nc3 Bg7 4.e4 d6 5.f4 c5 6.dxc5 Qa5 7.Bd3 Qxc5 8.Qe2 Nc6
9.Nf3 O-O 10.Be3 Qa5 11.O-O Nb4 12.Bd2 Nxd3 13.Qxd3 Ng4 14.Nd5 Qc5+ 15.Kh1 b5
16.cxb5 Bd7 17.a4 Bxb2 18.Bb4 Qf2 19.Nxe7+ Kg7 20.Bc3+ f6 21.Ra2 Qe3 22.Qxe3
Nxe3 23.Re1 Nxg2 24.Rxb2 Nxe1 25.Nxe1 Rae8 26.Nd5 Rxe4 27.a5 a6 28.Kg1 Bxb5
29.Ng2 Rc8 30.Bxf6+ Kf7 31.Bg5 Rc1+ 32.Kf2 Rf1+ 33.Kg3 Rd1 34.Nde3 Rd3 35.Kf2
Ra4 36.Bd8 d5 37.Bb6 h5 38.Rc2 d4 39.Nd5 Rb3 40.Rd2 Bc6 41.Nc7 Rf3+ 42.Ke1
Ra1+ 43.Rd1 Rfa3 44.Nxa6 Bxg2 45.Rxa1 Rxa1+ 46.Kd2 Ra2+ 47.Kc1 d3 {#R} 0-1

[Event "It (open)"]
[Site "masterchessopen.com Stockholm (Sweden)"]
[Round "0"]
[White "Wiedenkeller Michael (SWE)"]
[Black "Uhlmann Wolfgang (GER)"]
[Result "0-1"]
[WhiteElo "2473"]
[BlackElo "2505"]

1.d4 Nf6 2.c4 g6 3.Nc3 Bg7 4.e4 d6 5.f4 O-O 6.Nf3 c5 7.dxc5 Qa5 8.Bd3 Qxc5
9.Qe2 Nc6 10.Be3 Qa5 11.O-O Ng4 12.Bd2 Qb6+ 13.Kh1 Qxb2 14.Rab1 Qa3 15.h3 Nf6
16.Rb5 a6 17.Rb3 Qa5 18.Rfb1 Qd8 19.Be3 Nd7 20.Na4 e5 21.f5 Nd4 22.Bxd4 exd4
23.Nb6 Nxb6 24.Rxb6 Re8 25.fxg6 hxg6 26.Qf2 Qc7 27.Ng5 Bh6 28.Qh4 Kg7 29.Nf3
Be3 30.e5 Re6 31.Be4 dxe5 32.Rxb7 Bxb7 33.Rxb7 Qxc4 34.Rxf7+ Kxf7 35.Qh7+ Kf6
36.Bxa8 Re8 37.Qh4+ Kg7 38.Be4 Qf1+ 39.Kh2 Bf4+ 40.g3 Qe2+ 41.Kh1 Qxe4 {#R}
0-1

[Event "It (open)"]
[Site "masterchessopen.com Cadiz (Spain)"]
[Round "4"]
[White "Braga Fernando (AND)"]
[Black "Cisneros Lucas (ESP)"]
[Result "0-1"]
[WhiteElo "2438"]
[BlackElo "2233"]

1.d4 Nf6 2.c4 g6 3.Nc3 Bg7 4.e4 d6 5.f4 O-O 6.Nf3 c5 7.dxc5 Qa5 8.Bd3 Qxc5
9.Qe2 Nc6 10.Be3 Qa5 11.Rc1 Rb8 12.a3 Bd7 13.Bd2 Qh5 14.O-O Ng4 15.h3 Nd4
16.Qd1 Nxf3+ 17.Qxf3 Bd4+ 18.Kh1 Nf6 19.Qg3 Bc6 20.Qe1 Bd7 21.f5 g5 22.b4 Kh8
23.Be2 Qh6 24.Bf3 Qg7 25.g4 Rfc8 26.Qe2 b6 27.Kg2 Bc6 28.Rh1 h6 29.h4 Kg8
30.hxg5 hxg5 31.Rh3 Kf8 32.Qd3 Be5 33.Rch1 Ke8 34.Nd5 Bxd5 35.cxd5 b5 36.Rh8+
Ng8 37.R8h7 Qf6 38.Rh8 Kf8 39.R1h6 Qxh8 40.Rxh8 Bxh8 41.Bd1 Be5 42.a4 a6
43.axb5 axb5 44.Bb3 Nf6 45.Qe3 Bf4 46.Qd4 Bxd2 47.Qxd2 Nxe4 48.Qe3 Rc3 49.Qd4
f6 50.Bd1 Rc4 51.Qe3 Ra8 52.Qh3 Ra2+ 53.Kf1 Ke8 54.Qh8+ Kd7 55.Qb8 Nc3 56.Bf3
Rxb4 57.Qb7+ Ke8 {#R} 0-1

[Event "It (open) \"]
[Site "masterchessopen.com London (England)"]
[Round "0"]
[White "Anagnostopoulos Dimitri (GRE)"]
[Black "Thipsay Praveen M (IND)"]
[Result "1/2-1/2"]
[WhiteElo "2456"]
[BlackElo "2433"]

1.d4 Nf6 2.c4 g6 3.Nc3 Bg7 4.e4 d6 5.f4 O-O 6.Nf3 c5 7.dxc5 Qa5 8.Bd3 Qxc5
9.Qe2 Nc6 10.Be3 Qa5 11.O-O Bg4 12.Rac1 Rfc8 13.Bb1 Nd7 14.Qf2 Bxf3 15.Qxf3
Qb4 16.Qf2 Qxc4 17.Nd5 Qb5 18.Rxc6 bxc6 19.Nxe7+ Kh8 20.Nxc8 Rxc8 21.Bd4 Nf6
22.b3 a5 23.Rd1 Ne8 24.Bxg7+ Kxg7 25.Qd4+ Kg8 26.Bd3 Qb4 27.Bc4 Rb8 28.Kh1
{#d} 1/2-1/2

[Event "It (open)"]
[Site "masterchessopen.com Ponferrada (Spain)"]
[Round "0"]
[White "Garcia Palermo Carlos (ITA)"]
[Black "Solana Suarez Ernesto (ESP)"]
[Result "1-0"]
[WhiteElo "2488"]
[BlackElo "2321"]

1.d4 Nf6 2.c4 g6 3.Nc3 Bg7 4.e4 d6 5.f4 O-O 6.Nf3 c5 7.dxc5 Qa5 8.Bd3 Qxc5
9.Qe2 Nc6 10.Be3 Qa5 11.Rc1 Nd7 12.O-O Nc5 13.Bb1 Bg4 14.Qd2 Bxf3 15.Rxf3 Na4
16.Nxa4 Qxa4 17.Rf2 Qb4 18.Qxb4 Nxb4 19.c5 dxc5 20.Rxc5 Nc6 21.e5 f6 22.Be4
fxe5 23.Bxc6 bxc6 24.fxe5 Rxf2 25.Kxf2 Rb8 26.b3 Kf7 27.e6+ Kxe6 28.Rxc6+ Kd7
29.Ra6 Ra8 30.Rxa7+ Rxa7 31.Bxa7 Kc6 32.a4 Bc3 33.Ke2 Ba5 34.Be3 e5 35.Bd2 Bc7
36.h3 Kc5 37.Ke3 Kd5 38.a5 Bb8 39.a6 e4 40.Ke2 Kc6 41.Be3 Bd6 42.a7 Kb7 43.Bd4
Bf4 44.b4 h5 45.g4 hxg4 46.hxg4 Bg5 47.b5 Bf4 48.b6 Bg5 49.Be3 Bf6 50.Kd1 {#r}
1-0

[Event "It (open)"]
[Site "masterchessopen.com Alicante (Spain)"]
[Round "0"]
[White "Garcia Palermo Carlos (ITA)"]
[Black "Sorin Ariel (ARG)"]
[Result "1/2-1/2"]
[WhiteElo "2488"]
[BlackElo "2452"]

1.d4 Nf6 2.c4 g6 3.Nc3 Bg7 4.e4 d6 5.f4 O-O 6.Nf3 c5 7.dxc5 Qa5 8.Bd3 Qxc5
9.Qe2 Nc6 10.Be3 Qa5 11.Rc1 Bg4 12.O-O Nd7 13.Qd2 Nc5 14.Bb1 Na4 15.Nxa4 Qxa4
16.h3 Bxf3 17.Rxf3 Qb4 18.Qxb4 Nxb4 19.Rf2 Nc6 20.c5 dxc5 21.Bxc5 Bd4 22.Bxd4
Nxd4 23.Rd2 Rfd8 24.Kf2 Nc6 25.Rxd8+ Rxd8 26.Ke3 e5 27.g3 f6 28.a3 Kg7 29.Ba2
Rd7 30.Be6 Re7 31.Bd5 Nd4 32.b4 g5 33.fxe5 fxe5 34.a4 h5 35.Rc8 b6 36.a5 bxa5
37.bxa5 h4 38.gxh4 gxh4 39.a6 Kh6 40.Rh8+ Kg5 41.Rg8+ Kf6 42.Rb8 Ne6 43.Rb7
Nf4 44.Kf3 Nxh3 45.Kg4 Nf4 46.Kxh4 Nd3 47.Rb8 {#d} 1/2-1/2

[Event "It (open)"]
[Site "masterchessopen.com Apolda (Germany)"]
[Round "2"]
[White "Hoffmann Uwe (GER)"]
[Black "Maiwald Jens-Uwe (GER)"]
[Result "1/2-1/2"]
[WhiteElo "1993"]
[BlackElo "2459"]

1.d4 Nf6 2.c4 g6 3.Nc3 Bg7 4.e4 d6 5.f4 O-O 6.Nf3 c5 7.dxc5 Qa5 8.Bd3 Qxc5
9.Qe2 Nc6 10.Be3 Qa5 11.O-O Ng4 12.Bd2 Qb6+ 13.Kh1 Qxb2 14.Rab1 Qa3 15.Rb3 Qa5
16.h3 Nf6 17.Qf2 Qd8 18.Qh4 Nd7 19.e5 dxe5 20.f5 Nf6 21.Nd5 Nxd5 22.cxd5 Nd4
23.Nxd4 exd4 24.Be4 Qd6 25.Bg5 {#d} 1/2-1/2

[Event "Cup Latin (open)"]
[Site "masterchessopen.com Bogota (Colombia)"]
[Round "3"]
[White "Gamboa Nelson (COL)"]
[Black "Silva Jose Luis (MEX)"]
[Result "1-0"]
[WhiteElo "2367"]
[BlackElo "2044"]

1.d4 Nf6 2.c4 g6 3.Nc3 Bg7 4.e4 d6 5.f4 O-O 6.Nf3 c5 7.dxc5 Qa5 8.Bd3 Qxc5
9.Qe2 Nc6 10.Be3 Qa5 11.Qd2 Bg4 12.O-O Bxf3 13.gxf3 Rac8 14.a3 Rfe8 15.b4 Qh5
16.Rac1 Nd7 17.Ne2 b6 18.Rf2 Bh6 19.Rg2 e6 20.Rg4 Bg7 21.Kh1 f5 22.Ng3 Qh6
23.exf5 exf5 24.Rg5 Kh8 25.Bxf5 gxf5 26.Rh5 Qxh5 27.Nxh5 Re6 28.Rg1 Rg8 {#r}
1-0

[Event "It"]
[Site "masterchessopen.com Bucaramanga (Colombia)"]
[Round "8"]
[White "Garcia Palermo Carlos (ITA)"]
[Black "Hernandez Gilberto (MEX)"]
[Result "1-0"]
[WhiteElo "2488"]
[BlackElo "2480"]

1.d4 Nf6 2.c4 g6 3.Nc3 Bg7 4.e4 d6 5.f4 c5 6.dxc5 Qa5 7.Bd3 Qxc5 8.Nf3 Nc6
9.Qe2 O-O 10.Be3 Qa5 11.Rc1 Bg4 12.O-O Nd7 13.Qd2 Nc5 14.Bb1 Bxf3 15.Rxf3 Qb4
16.Rf2 a5 17.Nd5 Qxd2 18.Rxd2 Na6 19.g4 Rac8 20.g5 Nc7 21.Nb6 Rcd8 22.Rcd1
Rfe8 23.Kg2 h5 24.c5 dxc5 25.Rxd8 Rxd8 26.Rxd8+ Nxd8 27.e5 e6 28.Be4 Bf8
29.Bd2 a4 30.Ba5 Nc6 31.Bxc6 bxc6 32.Nxa4 Nd5 33.Kf3 Be7 34.Ke4 c4 35.Bd2 Bb4
36.Bxb4 Nxb4 37.Kd4 Nxa2 38.Kxc4 Kf8 39.Kc5 Ke7 40.Kxc6 Nb4+ 41.Kc7 Nd3 42.Kc8
h4 43.b3 h3 44.Nc3 Nxf4 45.b4 Nd5 46.Na2 Nb6+ 47.Kc7 Nc4 48.b5 Nxe5 49.b6 Nd7
50.Nb4 Nxb6 51.Nc6+ Kf8 52.Kxb6 f6 53.Kc5 fxg5 54.Ne5 {#r} 1-0

[Event "It (open)"]
[Site "masterchessopen.com Mesa (Spain)"]
[Round "0"]
[White "Braga Fernando (AND)"]
[Black "Lacasa Diaz Jose Antonio (ESP)"]
[Result "1-0"]
[WhiteElo "2438"]
[BlackElo "2402"]

1.d4 Nf6 2.c4 g6 3.Nc3 Bg7 4.e4 d6 5.f4 O-O 6.Nf3 c5 7.dxc5 Qa5 8.Bd3 Qxc5
9.Qe2 Nc6 10.Be3 Qa5 11.Rc1 Ng4 12.Bd2 Qh5 13.h3 Nd4 14.Nxd4 Bxd4 15.Rf1 Qh4+
16.Kd1 Nf2+ 17.Kc2 Qg3 18.Nd5 e5 19.f5 Qxd3+ 20.Qxd3 Nxd3 21.Kxd3 gxf5 22.exf5
f6 23.Bh6 Rf7 24.g4 Bxb2 25.Rc2 Bd4 26.g5 fxg5 27.Rg2 Kh8 28.Rxg5 b5 29.f6
bxc4+ 30.Kc2 Be6 31.Bg7+ Kg8 32.Ne7+ Rxe7 33.fxe7 Bf7 34.Bh6+ {#r} 1-0